TOP 10 X 3 : Ciudades más peligrosas de los Estados Unidos - Estadísticas

Estadísticas generales
  • Esta prueba ha sido intentada 267 veces
  • La puntuación promedio es 10 de 30
Estadísticas de respuestas
Rank % Correcto
2. Detroit
85%
1. Detroit
85%
1. Detroit
85%
6. Atlanta
61%
7. Baltimore
46%
7. Baltimore
46%
6. Baltimore
46%
4. Memphis
42%
4. Memphis
42%
2. Memphis
42%
1. St.Louis
37%
2. St.Louis
37%
4. St.Louis
37%
9. Indianapolis
36%
10. Kansas City
33%
9. Cleveland
32%
7. Cleveland
32%
5. Milwaukee
30%
5. Milwaukee
30%
3. Birmingham
15%
5. Birmingham
15%
10. Buffalo
13%
9. Oakland
13%
3. Oakland
13%
3. Oakland
13%
8. Little Rock
10%
8. Stockton
3%
8. Stockton
3%
10. Kansas City
2%
6. Rockford
1%
No se encontraron pruebas coincidentes
Distribución de puntuación
Porcentaje de gente con cada puntuación
Porcentaje por número respondido
Historial de tus puntuaciones
No has intentado esta prueba.